000 00896nam a22002297a 4500
003 DO-SdBNP
005 20211014154745.0
007 ta
008 211011b2017 dr a|||| |||| 00| 0 spa d
040 _aDO-SdBNP
_bspa
_cBNPHU
245 0 0 _aRecetas nutritivas :
_ba base de vegetales producidos en huertos urbanos /
_cPMA, María Altagracia Fulcar Fulcar, Lucila Ramón Lorenzo, María Antonia Reynoso, Ambar Beard Rodríguez.
260 _aSanto Domingo :
_bPrograma Mundial de Alimentos,
_c2017.
300 _a28 p. :
_bil. ;
_c23 cm.
500 _aAlimentarnos bien contribuye a mejorar nuestra calidad de vida.
590 _aInventariado, 2021 /LP
700 1 _aFulcar Fulcar, María Altagracia
_980157
700 1 _aLorenzo, Lucila Ramón
_980158
700 1 _aReynoso, María Antonia
_980159
700 1 _aBeard Rodríguez, Ambar
_980160
910 _aLP
942 _2ddc
_cLBS1
999 _c50730
_d50730